000 00604cam a22002053a 4500
001 44788
003 PGUSA
005 20140828084025.0
008 140129s2014||||xxu|||||s|||||000 | eng d
040 _aPGUSA
_beng
042 _adc
100 1 _aYoung, Clarence
245 1 4 _aThe Motor Boys Afloat ;
_bor, The Stirring Cruise of the Dartaway
_h[electronic resource] /
_cClarence Young
260 _bProject Gutenberg,
_c2014
506 _aPublic domain in the USA.
516 _aElectronic text
830 0 _aProject Gutenberg
_v44788
856 4 0 _uhttp://www.gutenberg.org/ebooks/44788
942 _cEB
999 _c274039
_d274039